|
|
|
|
| LEADER |
00000nam0a2200000 4500 |
| 001 |
274647 |
| 005 |
20231101234741.0 |
| 035 |
|
|
|a (RuTPU)RU\TPU\book\297857
|
| 090 |
|
|
|a 274647
|
| 100 |
|
|
|a 20141107d1985 m y0rusy50 ca
|
| 101 |
0 |
|
|a rus
|
| 102 |
|
|
|a UA
|
| 105 |
|
|
|a y j 001zy
|
| 200 |
1 |
|
|a Методология геологической науки
|e учебное пособие для вузов
|f С. А. Мороз, В. И. Оноприенко
|
| 210 |
|
|
|a Киев
|c Вища школа
|d 1985
|
| 215 |
|
|
|a 199 с.
|
| 320 |
|
|
|a Библиогр.: с. 194-198
|
| 606 |
1 |
|
|a Геология
|x Методология
|2 stltpush
|3 (RuTPU)RU\TPU\subj\6104
|9 34063
|
| 610 |
1 |
|
|a методологический анализ
|
| 610 |
1 |
|
|a познавательный процесс
|
| 610 |
1 |
|
|a гносеология
|
| 610 |
1 |
|
|a генетическая реконструкция
|
| 610 |
1 |
|
|a геологические исследования
|
| 610 |
1 |
|
|a системный подход
|
| 610 |
1 |
|
|a точные науки
|
| 610 |
1 |
|
|a применение
|
| 610 |
1 |
|
|a учебные пособия
|
| 675 |
|
|
|a 55.001(075.8)
|v 3
|
| 700 |
|
1 |
|a Мороз
|b С. А.
|
| 701 |
|
1 |
|a Оноприенко
|b В. И.
|
| 801 |
|
1 |
|a RU
|b 63413507
|c 20141107
|
| 801 |
|
2 |
|a RU
|b 63413507
|c 20170324
|g RCR
|
| 942 |
|
|
|c BK
|